| 000 | 00815nam a22002417a 4500 | ||
|---|---|---|---|
| 005 | 20170124105958.0 | ||
| 010 | _aB-192030 | ||
| 020 |
_c00.00 _a9780070583573 |
||
| 035 | _aB-192030 | ||
| 037 | _bCen Lib/Ret | ||
| 040 |
_aDPL _bEN |
||
| 082 |
_a658.15 _bVEN |
||
| 100 |
_aVenkataraman, V. _915069 |
||
| 245 |
_aAudit committee handbook / _cby V. Venkataraman |
||
| 260 |
_aNew Delhi _bTata McGraw-Hill Publishing Company _c2005 |
||
| 270 |
_bNew Delhi _a7 west patel nagar _e110008 |
||
| 300 |
_axiv, 263p. _c22cm(Hb) |
||
| 490 | _aTata McGraw-Hill professional : corporate governance series | ||
| 500 | _aIncludes bibliographical references and index | ||
| 650 |
_aHuman resource management _99535 |
||
| 650 |
_aAudit commitee _vHandbooks _915070 |
||
| 942 |
_2ddc _cEN _h658.15 _mVEN |
||
| 999 |
_c125655 _d125655 |
||